000 00592nam a2200229Ia 4500
003 OSt
005 20221006164104.0
006 a|||||r|||| 00| 0
007 ta
008 221006b |||||||| |||| 00| 0 hin d
024 _a4,203
037 _cTextual
040 _aFML
_cFML
_bhin
041 _2hin
_ahin
082 _aN44, N1
100 _aGupt Ramesh Chandra Au.
_9676579
245 0 _aKala - Itihaas Ke Aayaam
260 _aDelhi
_bUrmila India
_c1991
300 _a76
_ccm.
942 _hN44, N1
_cTEXL
_2CC
999 _c1116187
_d1116187